<The> benefactor and the individual - education as an internal process
Úloha a porozumenie medzi dobrodincom a jedincom (učiteľ a študent). Dobrodinec - pedagóg, psychológ a vedecko - výzkumný pracovník. Úloha súkromnej univerzity a záujem o štúdium na súkromných školách.
Enregistré dans:
| Autres auteurs: | |
|---|---|
| Format: | Chapitre de livre |
| Langue: | anglais |
| Sujets: | |
| Tags: |
Pas de tags, Soyez le premier à ajouter un tag!
|
MARC
| LEADER | 00000naa$a2200000$$$4500 | ||
|---|---|---|---|
| 001 | 0120839 | ||
| 005 | 20240502072352.7 | ||
| 041 | 0 | |a eng | |
| 044 | |a SK | ||
| 245 | 1 | 0 | |a <The> benefactor and the individual - education as an internal process |c do angl. prel. Marta Grossmanová |
| 520 | |a Úloha a porozumenie medzi dobrodincom a jedincom (učiteľ a študent). Dobrodinec - pedagóg, psychológ a vedecko - výzkumný pracovník. Úloha súkromnej univerzity a záujem o štúdium na súkromných školách. | ||
| 610 | 2 | 0 | |a školy súkromné |
| 610 | 2 | 0 | |a univerzity |
| 610 | 2 | 0 | |a vzdelávanie |
| 610 | 2 | 0 | |a vzdelávanie vysokoškolské |
| 610 | 2 | 0 | |a učitelia |
| 610 | 2 | 0 | |a študenti |
| 700 | 1 | |a Grossmanová, Marta | |